| 000 | 00624nam a2200193 a 4500 | ||
|---|---|---|---|
| 001 | 4372 | ||
| 003 | CDMR | ||
| 005 | 20131114114243.0 | ||
| 008 | 130130s1999||||||||||||||||||||||||||||d | ||
| 040 |
_aCDMR _bcat _cCDMR |
||
| 245 | 3 |
_aEl empleo en el sector de la Comunicación Social _b: evolución 1992-1997 _cAsociación de Periodistas de Bizkaia |
|
| 246 |
_aEl empleo en la Comunicación _b: 1992-1997 |
||
| 260 |
_aBilbao _c1999 |
||
| 300 |
_a45 p. _c30 cm |
||
| 650 | 0 | 4 |
_94341 _aMercat de treball _zEspanya |
| 650 | 0 | 4 |
_93726 _aPeriodistes _zEspanya |
| 710 | 2 |
_94351 _aAsociación de Periodistas de Bizkaia |
|
| 942 |
_cMON _2udc |
||
| 999 |
_c4372 _d4372 |
||